Normal view
MARC view
Entry Personal Name
001 - CONTROL NUMBER
- control field: 44937
003 - CONTROL NUMBER IDENTIFIER
- control field: ARRUPE
005 - DATE AND TIME OF LATEST TRANSACTION
- control field: 20190305095432.0
008 - FIXED-LENGTH DATA ELEMENTS
- fixed length control field: 190305|| aca||aabn | a|a d
040 ## - CATALOGING SOURCE
- Original cataloging agency: ARRUPE
- Transcribing agency: ARRUPE
100 ## - HEADING--PERSONAL NAME
- Personal name: Roustang, François.
670 ## - SOURCE DATA FOUND
- Source citation: Work cat.: (ARRUPE)0: Certeau, Michel de. 3776, La Solitude,, 1967.